[Event "Titled Tuesday intern op 14th Jun Late"]
[Site "Chess.com INT"]
[Date "2022.06.14"]
[Round "6"]
[White "Trakru, Rohun"]
[Black "Bryakin, Mikhail"]
[Result "0-1"]
[WhiteElo "2056"]
[BlackElo "2465"]
[PlyCount "106"]
[EventDate "2022.06.14"]
[EventType "swiss (blitz)"]
[EventRounds "11"]
[EventCountry "USA"]
[SourceTitle "EXT 2023"]
[Source "ChessBase"]
[SourceDate "2022.10.05"]
[SourceVersion "1"]
[SourceVersionDate "2022.10.05"]
[SourceQuality "1"]

1. e4 c5 2. Nc3 Nc6 3. Bb5 Nd4 4. Nf3 Nxb5 5. Nxb5 d6 6. d4 cxd4 7. Qxd4 a6 8. Nc3 Nf6 9. Bg5 h6 10. Bxf6 gxf6 11. 0-0-0 e6 12. Na4 b5 13. Nb6 Rb8 14. Nxc8 Rxc8 15. Kb1 Be7 16. g3 Qc7 17. c3 Qc5 18. h4 h5 19. Ne1 Qxd4 20. cxd4 Kd7 21. Nd3 Rc4 22. Nf4 Bf8 23. b3 Rc3 24. Rd3 Rc8 25. d5 e5 26. Ne2 Bh6 27. Kb2 Ke7 28. Rhd1 f5 29. exf5 Kf6 30. Nc3 Kxf5 31. Rf3+ Kg6 32. Ne4 Bg7 33. Kb1 Rhd8 34. Ng5 f5 35. Ne6 Rg8 36. Rfd3 Bh6 37. Kb2 Kf6 38. Rc3 b4 39. Rc4 a5 40. a3 bxa3+ 41. Kxa3 Rxc4 42. bxc4 Rc8 43. Kb3 a4+ 44. Kb4 a3 45. c5 a2 46. Ra1 dxc5+ 47. Kc4 Ra8 48. Nxc5 e4 49. Nb3 Ke5 50. Rd1 Kd6 51. Na1 Bg7 52. Nc2 a1Q 53. Nxa1 Rxa1 0-1

[Event "Titled Tuesday intern op 14th Jun Late"]
[Site "Chess.com INT"]
[Date "2022.06.14"]
[Round "9"]
[White "Trakru, Rohun"]
[Black "Melikhov, Evgeny V"]
[Result "0-1"]
[WhiteElo "2056"]
[BlackElo "2292"]
[PlyCount "102"]
[EventDate "2022.06.14"]
[EventType "swiss (blitz)"]
[EventRounds "11"]
[EventCountry "USA"]
[SourceTitle "EXT 2023"]
[Source "ChessBase"]
[SourceDate "2022.10.05"]
[SourceVersion "1"]
[SourceVersionDate "2022.10.05"]
[SourceQuality "1"]

1. e4 e5 2. Nf3 Nc6 3. Bc4 Nf6 4. d4 exd4 5. e5 d5 6. Bb5 Ne4 7. Nxd4 Bd7 8. Bxc6 bxc6 9. 0-0 c5 10. Nb3 Bc6 11. f3 Ng5 12. Be3 d4 13. Bf2 Qd5 14. N1d2 0-0-0 15. Qe2 f6 16. Qa6+ Kb8 17. Na5 Bb7 18. Nxb7 Qxb7 19. Qc4 fxe5 20. Bh4 Be7 21. Bxg5 Bxg5 22. Ne4 Be3+ 23. Kh1 Qd5 24. Qxc5 Qxc5 25. Nxc5 h5 26. Rad1 g5 27. Rd3 g4 28. Rb3+ Kc8 29. fxg4 hxg4 30. g3 Rh6 31. Re1 Rdh8 32. Re2 Rf8 33. Kg2 Rhf6 34. Ne4 Rf1 35. Rbxe3 dxe3 36. Rxe3 Rc1 37. Rc3 Rff1 38. Nd6+ Kd7 39. Nc4 Rfe1 40. Kf2 Ke6 41. Ne3 Rh1 42. Rxc7 Rxh2+ 43. Ng2 a5 44. b3 Ra1 45. a4 Rhh1 46. Ne3 Rh2+ 47. Ng2 Rd1 48. Ke2 Rg1 49. Kd3 Rgxg2 50. Rc5 Rxg3+ 51. Kc4 Rxc2+ 0-1

[Event "Titled Tuesday intern op 14th Jun Late"]
[Site "Chess.com INT"]
[Date "2022.06.14"]
[Round "2"]
[White "Trakru, Rohun"]
[Black "Sarkar, Justin"]
[Result "1-0"]
[WhiteElo "2056"]
[BlackElo "2348"]
[PlyCount "87"]
[EventDate "2022.06.14"]
[EventType "swiss (blitz)"]
[EventRounds "11"]
[EventCountry "USA"]
[SourceTitle "EXT 2023"]
[Source "ChessBase"]
[SourceDate "2022.10.05"]
[SourceVersion "1"]
[SourceVersionDate "2022.10.05"]
[SourceQuality "1"]

1. e4 e5 2. Nf3 Nc6 3. Bc4 g6 4. d4 exd4 5. Nxd4 Bg7 6. Nxc6 bxc6 7. 0-0 Ne7 8. Nc3 0-0 9. Be3 d6 10. Bd4 Be6 11. Bxg7 Kxg7 12. Qd4+ Kg8 13. Rad1 c5 14. Qd3 Nc6 15. f4 Kh8 16. Bd5 Nb4 17. Qe2 Nxd5 18. Nxd5 f5 19. e5 Bxd5 20. Rxd5 Qe7 21. Qd2 dxe5 22. Rxe5 Qd6 23. Rd5 Qf6 24. Rxc5 Qxb2 25. Rd1 Rad8 26. Qxd8 Rxd8 27. Rxd8+ Kg7 28. Rxc7+ Kh6 29. Rcd7 Qc1+ 30. Rd1 Qxf4 31. R8d3 Qe5 32. c3 Qc5+ 33. Kh1 a5 34. h3 Qc4 35. Rd5 Qxa2 36. Rd7 a4 37. Ra7 a3 38. Rdd7 Qb1+ 39. Kh2 a2 40. Rxh7+ Kg5 41. h4+ Kg4 42. Ra4+ f4 43. Rf7 a1Q 44. Raxf4+ 1-0

[Event "Titled Tuesday intern op 10th Aug"]
[Site "Chess.com INT"]
[Date "2021.08.10"]
[Round "3"]
[White "Yaran, Siar"]
[Black "Trakru, Rohun"]
[Result "1-0"]
[WhiteElo "2272"]
[BlackElo "1987"]
[PlyCount "105"]
[EventDate "2021.08.10"]
[EventType "swiss (blitz)"]
[EventRounds "11"]
[EventCountry "USA"]
[SourceTitle "CBM 203 Extra"]
[Source "ChessBase"]
[SourceDate "2021.09.30"]
[SourceVersion "1"]
[SourceVersionDate "2021.09.30"]
[SourceQuality "1"]

1. e4 c6 2. d4 d5 3. Nc3 dxe4 4. Nxe4 Nf6 5. Nxf6+ exf6 6. c3 Bd6 7. Bd3 0-0 8. Qc2 Re8+ 9. Ne2 h5 10. 0-0 h4 11. h3 Nd7 12. Be3 Nf8 13. Nf4 Qc7 14. Nh5 Qa5 15. Qd1 f5 16. Qf3 Qd5 17. Qxd5 cxd5 18. Nf4 Bxf4 19. Bxf4 Ne6 20. Bd2 g6 21. Rfe1 Bd7 22. Re5 Bc6 23. Rae1 Kg7 24. f4 Rec8 25. Kf2 b5 26. Kf3 a5 27. a3 Rab8 28. Rxe6 fxe6 29. Rxe6 Kf7 30. Rd6 b4 31. cxb4 axb4 32. Bxb4 Bb5 33. Bxb5 Rxb5 34. Bc3 Rb3 35. Rxd5 Rcxc3+ 36. bxc3 Rxc3+ 37. Kf2 Rxa3 38. Rd8 Ra2+ 39. Kf3 Ra3+ 40. Kf2 Ra2+ 41. Kg1 Ra1+ 42. Kh2 Rd1 43. Rh8 Rxd4 44. Rxh4 g5 45. Rh5 gxf4 46. Rxf5+ Kg6 47. Rf8 Kg7 48. Ra8 Rd2 49. Ra3 Kg6 50. h4 Kh5 51. Kh3 Rd5 52. Rf3 Rf5 53. g4+ 1-0